Presupuesto general ordinario para el ejercicio de ... / Diputación Provincial de Barcelona
Descripción Física:
v. ; diferents formats : 21, 31, 21 x 30 cm
MARC
| LEADER | 00000nam a2200000Ia 4500 | ||
|---|---|---|---|
| 001 | 8553, 8554, 8555, 8556, 8557, 8558, 8559, 8560, 8561, 8562, 8563, 8564, 8566, 8567, 8568, 8569, 8570, 8571, 8572, 8573, 8574, 8575, 8576, 8577, 8578, 8579, 8580, 8581, 8582, 8583, 8584, 8585, 8586, 8587, 8588, 8589, 8590, 8591, 8592, 8593, 8594, 8595, 8596, 8597, 9095, 9097, 8599, 8600 | ||
| 003 | BGR | ||
| 005 | 20260324181050.0 | ||
| 008 | 160829s1873 - 1982 xx 000 0 cat d | ||
| 040 | |c 0 | ||
| 080 | |a Pressupostos | ||
| 110 | 1 | |a Barcelona (Catalunya : Província). |b Diputació |9 52408 | |
| 245 | |a Presupuesto general ordinario para el ejercicio de ... / Diputación Provincial de Barcelona | ||
| 260 | |a Barcelona : |b Diputació, |c 1873 - 1982 | ||
| 300 | |a v. ; |c diferents formats : 21, 31, 21 x 30 cm | ||
| 590 | |a A partir de 1983, continúa amb el títol: Pressupostos ... / Diputació de Barcelona . | ||
| 590 | |a Hi ha duplicats els anys 1873-1874 (3 exemplars), 1874-1875, 1878-1922, 1925-1931, 1940, 1942, 1944-1950, 1952, 1955-1962, 1964. | ||
| 590 | |a El volum dels anys 1873-1874 inclou el mapa de carreteres provincials i de l'Estat de la província de Barcelona (vegeu R. 4820) | ||
| 610 | 1 | 0 | |a Barcelona (Catalunya : Província). |b Diputació |x Assignacions pressupostàries i despeses |9 53789 |
| 866 | |a (1873 - 1874) ; (1874 -1875, 1875 - 1876, 1876 - 1877) ; (1877 - 1878, 1878 - 1879, 1879 - 1880, 1880 - 1881, 1881 - 1882, 1882 - 1883, 1883- 1884, 1884 - 1885, 1885 - 1886, 1886 - 1887, 1887 - 1888, 1888 - 1889, 1889 - 1890) ; (1890 -1891, 1891 - 1892, 1892 - 1893, 1893 - 1894, 1894 - 1895, 1895 - 1896, 1896 - 1897, 1897 - 1898, 1898 - 1899, 1899 - 1900) ; (1901, 1902, 1903, 1904, 1905, 1906, 1907, 1908, 1909, 1910) ; (1911, 1912, 1913, 1914, 1915, 1916, 1917) ; (1918, 1919, 1920 - 1921, 1921 - 1922, 1922 - 1923, 1923 - 1924, 1924 - 1925) ; (1925 - 1926) ; (1926, 2n semestre) ; 1927 ; 1928 ; 1929 ; 1930 ; (1931 i extraordinaris A, B, C i D) ; 1940 ; (1942, 2n, 3r i 4t trimestres) ; 1944 ; 1945 ; 1946 ; 1947 ; 1948 ; 1949 ; 1950 ; 1952 ; 1955 ; 1956 ; 1957 ; 1958 ; 1959 ; 1960 ; 1961 ; 1962 ; (1964 - 1965) ; 1966 ; 1967 ; 1968 ; 1969 ; 1970 ; 1971 ; 1972 ; 1973 ; 1974 ; 1975 ; 1976 ; 1977 ; 1978 ; 1980 ; 1981 ; 1982 (2 vol.) | ||
| 901 | |a Arxiu | ||
| 942 | |n 1 |2 udc | ||
| 952 | |0 0 |1 0 |4 0 |6 PRESSUPOSTOS |7 1 |9 51577 |a Arxiu |b Arxiu |d 2016-12-01 |l 0 |o Pressupostos |p 8553, 8554, 8555, 85 |r 2016-12-01 00:00:00 |w 2016-12-01 |y ARXIU | ||
| 952 | |0 0 |1 0 |2 udc |4 0 |7 1 |9 63811 |a Arxiu |b Arxiu |d 2022-09-06 |h 1931 |o PDL |p 26677 |r 2022-09-06 00:00:00 |w 2022-09-06 |y ARXIU |z Caixa 14 | ||
| 952 | |0 0 |1 0 |2 udc |4 0 |7 1 |9 65201 |a Arxiu |b Arxiu |d 2023-02-06 |h 1926 |o PDL |p 27329 |r 2023-02-06 00:00:00 |w 2023-02-06 |y ARXIU |z Caixa 26 | ||
| 952 | |0 0 |1 0 |2 udc |4 0 |6 PDL |7 1 |9 65202 |a Arxiu |b Arxiu |d 2023-02-06 |h 1927 |l 0 |o PDL |p 27330 |r 2023-02-06 00:00:00 |w 2023-02-06 |y ARXIU |z Caixa 26 | ||
| 952 | |0 0 |1 0 |2 udc |4 0 |6 PDL |7 1 |9 65203 |a Arxiu |b Arxiu |d 2023-02-06 |h 1928 |l 0 |o PDL |p 27331 |r 2023-02-06 00:00:00 |w 2023-02-06 |y ARXIU |z Caixa 26 | ||
| 952 | |0 0 |1 0 |2 udc |4 0 |6 PDL |7 1 |9 65204 |a Arxiu |b Arxiu |d 2023-02-06 |h 1929 |l 0 |o PDL |p 27332 |r 2023-02-06 00:00:00 |w 2023-02-06 |y ARXIU |z Caixa 26 | ||
| 952 | |0 0 |1 0 |2 udc |4 0 |6 PDL |7 1 |9 65205 |a Arxiu |b Arxiu |d 2023-02-06 |h 1930 |l 0 |o PDL |p 27333 |r 2023-02-06 00:00:00 |w 2023-02-06 |y ARXIU |z Caixa 26 | ||
| 952 | |0 0 |1 0 |2 udc |4 0 |6 PDL |7 1 |9 65206 |a Arxiu |b Arxiu |d 2023-02-06 |h 1940 |l 0 |o PDL |p 27334 |r 2023-02-06 00:00:00 |w 2023-02-06 |y ARXIU |z Caixa 26 | ||
| 952 | |0 0 |1 0 |2 udc |4 0 |6 PDL |7 1 |9 65207 |a Arxiu |b Arxiu |d 2023-02-07 |h 1942 (2n, 3r i 4t trim.) |l 0 |o PDL |p 27335 |r 2023-02-07 00:00:00 |w 2023-02-07 |y ARXIU |z Caixa 26 | ||
| 952 | |0 0 |1 0 |2 udc |4 0 |6 PDL |7 1 |9 65208 |a Arxiu |b Arxiu |d 2023-02-07 |h 1944 |l 0 |o PDL |p 27336 |r 2023-02-07 00:00:00 |w 2023-02-07 |y ARXIU |z Caixa 26 | ||
| 952 | |0 0 |1 0 |2 udc |4 0 |6 PDL |7 1 |9 65209 |a Arxiu |b Arxiu |d 2023-02-07 |h 1945 |l 0 |o PDL |p 27337 |r 2023-02-07 00:00:00 |w 2023-02-07 |y ARXIU |z Caixa 26 | ||
| 952 | |0 0 |1 0 |2 udc |4 0 |6 PDL |7 1 |9 65210 |a Arxiu |b Arxiu |d 2023-02-07 |h 1946 |l 0 |o PDL |p 27338 |r 2023-02-07 00:00:00 |w 2023-02-07 |y ARXIU |z Caixa 26 | ||
| 952 | |0 0 |1 0 |2 udc |4 0 |6 PDL |7 1 |9 65211 |a Arxiu |b Arxiu |d 2023-02-07 |h 1947 |l 0 |o PDL |p 27339 |r 2023-02-07 00:00:00 |w 2023-02-07 |y ARXIU |z Caixa 26 | ||
| 952 | |0 0 |1 0 |2 udc |4 0 |6 PDL |7 1 |9 65212 |a Arxiu |b Arxiu |d 2023-02-07 |h 1948 |l 0 |o PDL |p 27340 |r 2023-02-07 00:00:00 |w 2023-02-07 |y ARXIU |z Caixa 26 | ||
| 952 | |0 0 |1 0 |2 udc |4 0 |6 PDL |7 1 |9 65213 |a Arxiu |b Arxiu |d 2023-02-07 |h 1949 |l 0 |o PDL |p 27341 |r 2023-02-07 00:00:00 |w 2023-02-07 |y ARXIU |z Caixa 26 | ||
| 952 | |0 0 |1 0 |2 udc |4 0 |6 PDL |7 1 |9 65214 |a Arxiu |b Arxiu |d 2023-02-07 |h 1950 |l 0 |o PDL |p 27342 |r 2023-02-07 00:00:00 |w 2023-02-07 |y ARXIU |z Caixa 26 | ||
| 952 | |0 0 |1 0 |2 udc |4 0 |6 PDL |7 1 |9 65215 |a Arxiu |b Arxiu |d 2023-02-07 |h 1952 |l 0 |o PDL |p 27343 |r 2023-02-07 00:00:00 |w 2023-02-07 |y ARXIU |z Caixa 26 | ||
| 952 | |0 0 |1 0 |2 udc |4 0 |6 PDL |7 1 |9 65216 |a Arxiu |b Arxiu |d 2023-02-07 |h 1955 |l 0 |o PDL |p 27344 |r 2023-02-07 00:00:00 |w 2023-02-07 |y ARXIU |z Caixa 26 | ||
| 952 | |0 0 |1 0 |2 udc |4 0 |7 1 |9 65217 |a Arxiu |b Arxiu |d 2023-02-07 |h 1956 |o PDL |p 27345 |r 2023-02-07 00:00:00 |w 2023-02-07 |y ARXIU |z Caixa 26 | ||
| 952 | |0 0 |1 0 |2 udc |4 0 |6 PDL |7 1 |9 65218 |a Arxiu |b Arxiu |d 2023-02-07 |h 1957 |l 0 |o PDL |p 27346 |r 2023-02-07 00:00:00 |w 2023-02-07 |y ARXIU |z Caixa 26 | ||
| 952 | |0 0 |1 0 |2 udc |4 0 |6 PDL |7 1 |9 65219 |a Arxiu |b Arxiu |d 2023-02-07 |h 1958 |l 0 |o PDL |p 27347 |r 2023-02-07 00:00:00 |w 2023-02-07 |y ARXIU |z Caixa 26 | ||
| 952 | |0 0 |1 0 |2 udc |4 0 |6 PDL |7 1 |9 65220 |a Arxiu |b Arxiu |d 2023-02-07 |h 1960 |l 0 |o PDL |p 27348 |r 2023-02-07 00:00:00 |w 2023-02-07 |y ARXIU |z Caixa 26 | ||
| 952 | |0 0 |1 0 |2 udc |4 0 |6 PDL |7 1 |9 65221 |a Arxiu |b Arxiu |d 2023-02-07 |h 1961 |l 0 |o PDL |p 27349 |r 2023-02-07 00:00:00 |w 2023-02-07 |y ARXIU |z Caixa 26 | ||
| 952 | |0 0 |1 0 |2 udc |4 0 |6 PDL |7 1 |9 65222 |a Arxiu |b Arxiu |d 2023-02-07 |h 1962 |l 0 |o PDL |p 27350 |r 2023-02-07 00:00:00 |w 2023-02-07 |y ARXIU |z Caixa 26 | ||
| 952 | |0 0 |1 0 |2 udc |4 0 |6 PDL |7 1 |9 65223 |a Arxiu |b Arxiu |d 2023-02-07 |h 1964-1965 |l 0 |o PDL |p 27351 |r 2023-02-07 00:00:00 |w 2023-02-07 |y ARXIU |z Caixa 26 | ||
| 952 | |0 0 |1 0 |2 udc |4 0 |6 PDL |7 1 |9 65224 |a Arxiu |b Arxiu |d 2023-02-07 |h 1966 |l 0 |o PDL |p 27352 |r 2023-02-07 00:00:00 |w 2023-02-07 |y ARXIU |z Caixa 26 | ||
| 952 | |0 0 |1 0 |2 udc |4 0 |6 PDL |7 1 |9 65225 |a Arxiu |b Arxiu |d 2023-02-07 |h 1967 |l 0 |o PDL |p 27353 |r 2023-02-07 00:00:00 |w 2023-02-07 |y ARXIU |z Caixa 26 | ||
| 952 | |0 0 |1 0 |2 udc |4 0 |6 PDL |7 1 |9 65226 |a Arxiu |b Arxiu |d 2023-02-07 |h 1968 |l 0 |o PDL |p 27354 |r 2023-02-07 00:00:00 |w 2023-02-07 |y ARXIU |z Caixa 26 | ||
| 952 | |0 0 |1 0 |2 udc |4 0 |6 PDL |7 1 |9 65230 |a Arxiu |b Arxiu |d 2023-02-07 |h 1969 |l 0 |o PDL |p 27355 |r 2023-02-07 00:00:00 |w 2023-02-07 |y ARXIU |z Caixa 26 | ||
| 952 | |0 0 |1 0 |2 udc |4 0 |6 PDL |7 1 |9 65231 |a Arxiu |b Arxiu |d 2023-02-07 |h 1970 |l 0 |o PDL |p 27356 |r 2023-02-07 00:00:00 |w 2023-02-07 |y ARXIU |z Caixa 26 | ||
| 952 | |0 0 |1 0 |2 udc |4 0 |6 PDL |7 1 |9 65232 |a Arxiu |b Arxiu |d 2023-02-07 |h 1971 |l 0 |o PDL |p 27357 |r 2023-02-07 00:00:00 |w 2023-02-07 |y ARXIU |z Caixa 26 | ||
| 952 | |0 0 |1 0 |2 udc |4 0 |6 PDL |7 1 |9 65233 |a Arxiu |b Arxiu |d 2023-02-07 |h 1972 |l 0 |o PDL |p 27358 |r 2023-02-07 00:00:00 |w 2023-02-07 |y ARXIU |z Caixa 26 | ||
| 952 | |0 0 |1 0 |2 udc |4 0 |6 PDL |7 1 |9 65234 |a Arxiu |b Arxiu |d 2023-02-07 |h 1973 |l 0 |o PDL |p 27359 |r 2023-02-07 00:00:00 |w 2023-02-07 |y ARXIU |z Caixa 26 | ||
| 952 | |0 0 |1 0 |2 udc |4 0 |6 PDL |7 1 |9 65235 |a Arxiu |b Arxiu |d 2023-02-07 |h 1974 |l 0 |o PDL |p 27360 |r 2023-02-07 00:00:00 |w 2023-02-07 |y ARXIU |z Caixa 26 | ||
| 952 | |0 0 |1 0 |2 udc |4 0 |6 PDL |7 1 |9 65236 |a Arxiu |b Arxiu |d 2023-02-07 |h 1975 |l 0 |o PDL |p 27361 |r 2023-02-07 00:00:00 |w 2023-02-07 |y ARXIU |z Caixa 27 | ||
| 952 | |0 0 |1 0 |2 udc |4 0 |6 PDL |7 1 |9 65237 |a Arxiu |b Arxiu |d 2023-02-07 |l 0 |o PDL |p 27362 |r 2023-02-07 00:00:00 |w 2023-02-07 |y ARXIU |z Caixa 27 | ||
| 952 | |0 0 |1 0 |2 udc |4 0 |6 PDL |7 1 |9 65238 |a Arxiu |b Arxiu |d 2023-02-07 |h 1977 |l 0 |o PDL |p 27363 |r 2023-02-07 00:00:00 |w 2023-02-07 |y ARXIU |z Caixa 27 | ||
| 999 | |c 55422 |d 55422 | ||